Ľudský faktor v produktovom manažmente diplomová práca

Gespeichert in:
Bibliographische Detailangaben
1. Verfasser: Bujňáková, Dominika
Körperschaft: Podnikovohospodárska fakulta EU so sídlom v Košiciach. Katedra manažmentu
Weitere Verfasser: Mihalčová, Bohuslava, 1963-
Format: Buch
Sprache:Slowakisch
Veröffentlicht: Košice 2019
Tags: Tag hinzufügen
Keine Tags, Fügen Sie das erste Tag hinzu!

MARC

LEADER 00000nbm a2200000 4500
001 0254758
005 20190913135342.6
041 0 |a slo 
044 |a SK 
245 1 0 |a Ľudský faktor v produktovom manažmente  |b diplomová práca  |c Dominika Bujňáková ; školiteľ: Bohuslava Mihalčová 
264 1 |a Košice  |c 2019 
300 |a 58 s. 
100 1 |a Bujňáková, Dominika 
700 1 |a Mihalčová, Bohuslava, 1963- 
710 2 |a Podnikovohospodárska fakulta EU so sídlom v Košiciach. Katedra manažmentu